| 000 | 00744nam a22002292 4500 | ||
|---|---|---|---|
| 001 | 0000005844 | ||
| 005 | 20151217145826.0 | ||
| 008 | 070719s xx 000 0 eng d | ||
| 020 |
_a8120316193 : _cKES 1,890 |
||
| 040 |
_aKABU _cKABU |
||
| 050 | 0 |
_aQA76.58 _b.S27 |
|
| 100 | 1 |
_aSasikumar, M. _@0000157079 |
|
| 245 | 1 | 0 |
_aIntroduction to parallel processing / _cM. Sasikumar, Dinesh Shikhare and P. Ravi Prakash. |
| 260 |
_aNew Delhi : _bPrentice-Hall, _c2002. |
||
| 300 | _aviii, 266 p. | ||
| 650 | 0 |
_aParallel processing (Electronic computer) _@0000157080 |
|
| 700 | 1 |
_aShikhare, Dinesh. _@0000157081 |
|
| 700 | 1 |
_aPrakash, P. Ravi. _@0000157082 |
|
| 908 | _a070719 | ||
| 950 | _@1 | ||
| 999 |
_c2990 _d2990 |
||